Normal view
MARC view
- Fulmer, Howard M , Soen, Francis , Pitzer, David
Entry Personal Name
001 - CONTROL NUMBER
- control field: 67646
003 - CONTROL NUMBER IDENTIFIER
- control field: NUST
005 - DATE AND TIME OF LATEST TRANSACTION
- control field: 20210628203852.0
008 - FIXED-LENGTH DATA ELEMENTS
- fixed length control field: 210628|| aca||aabn | a|a d
040 ## - CATALOGING SOURCE
- Original cataloging agency: NUST
- Transcribing agency: NUST
100 ## - HEADING--PERSONAL NAME
- Personal name: Fulmer, Howard M , Soen, Francis , Pitzer, David
670 ## - SOURCE DATA FOUND
- Source citation: Work cat.: (NUST): Fulmer, Howard M , Soen, Francis , Pitzer, David, Inside autocad release 13 , for windows and windows nt, 1995
